Rois et Présidents de France - Statistiques

Statistiques générales
  • Ce quiz a été pris 749 fois
  • Le résultat moyen est 80 sur 130
Statistiques - réponses
Hint Royaume de France Réponse % Correct
814-840 Ier Louis
96%
877-879 II Louis
96%
879-882 III Louis
96%
936-954 IV Louis
96%
986-987 V Louis
96%
1018-1137 VI Louis
96%
1137-1180 VII Louis
96%
1223-1226 VIII Louis
96%
1226-1270 IX Louis
96%
1314-1316 X Louis
96%
1461-1483 XI Louis
96%
1498-1515 XII Louis
96%
1610-1643 XIII Louis
96%
1643-1715 XIV Louis
96%
1715-1774 XV Louis
96%
1774-1792 XVI Louis
96%
1814-1815 XVIII Louis
96%
1815-1824 XVIII Louis
96%
1848-1852 Louis-Napoléon Bonaparte
93%
1804-1814 Ier Napoléon
93%
1815-1815 Ier Napoléon
93%
1815-1815 II Napoléon
93%
1852-1870 III Napoléon
93%
768-814 Ier Charles
92%
843-877 II Charles
92%
885-887 le Gros Charles
92%
898-922 III Charles
92%
1322-1328 IV Charles
92%
1364-1380 V Charles
92%
1380-1422 VI Charles
92%
1422-1461 VII Charles
92%
1483-1498 VIII Charles
92%
1560-1574 IX Charles
92%
1824-1830 X Charles
92%
2017-...... Emmanuel Macron
92%
1944-1946 Charles de Gaulle
91%
1959-1969 Charles de Gaulle
91%
2012-2017 François Hollande
91%
481-511 Ier Clovis
89%
639-657 II Clovis
89%
675-676 III Clovis
89%
691-694 IV Clovis
89%
2007-2012 Nicolas Sarkozy
89%
1031-1060 Ier Henri
87%
1547-1559 II Henri
87%
1574-1589 III Henri
87%
1589-1610 IV Henri
87%
1995-2007 Jacques Chirac
87%
1981-1995 François Mitterrand
86%
1974-1981 Valéry Giscard d'Estaing
84%
1515-1547 Ier François
83%
1559-1560 II François
83%
1969-1974 Georges Pompidou
82%
1060-1108 Ier Philippe
76%
1129-1131 Philippe
76%
1180-1223 II Philippe
76%
1270-1285 III Philippe
76%
1285-1314 IV Philippe
76%
1316-1322 V Philippe
76%
1328-1350 VI Philippe
76%
1830-1848 Ier Louis-Philippe
71%
737-743 le Bref Pépin
71%
751-768 le Bref Pépin
71%
987-996 Capet Hugues
69%
1017-1025 Hugues
69%
1316-1316 Ier Jean
68%
1350-1364 II Jean
68%
922-923 Ier Robert
61%
996-1031 II Robert
61%
623-639 Ier Dagobert
60%
676-679 II Dagobert
60%
711-715 III Dagobert
60%
1954-1959 René Coty
58%
1871-1871 Adolphe Thiers
56%
1871-1873 Adolphe Thiers
56%
662-675 II Childéric
55%
743-751 III Childéric
55%
511-561 Ier Clotaire
55%
584-629 II Clotaire
55%
657-673 III Clotaire
55%
717-719 IV Clotaire
55%
1895-1899 Félix Faure
49%
1913-1920 Raymond Poincaré
48%
1873-1879 Patrice de Mac Mahon
46%
561-584 Ier Chilpéric
45%
715-721 II Chilpéric
45%
1931-1932 Paul Doumer
43%
511-534 Ier Thierry
43%
596-613 II Thierry
43%
675-691 III Thierry
43%
721-737 IV Thierry
43%
1946-1947 Vincent Auriol
43%
1947-1954 Vincent Auriol
43%
1932-1940 Albert Lebrun
40%
768-771 Ier Carloman
38%
879-884 II Carloman
38%
888-898 Eudes
38%
1924-1931 Gaston Doumergue
38%
1920-1920 Paul Deschanel
38%
1920-1924 Alexandre Millerand
37%
954-986 Lothaire
37%
923-936 Raoul
36%
1887-1894 Sadi Carnot
35%
511-558 Ier Childebert
34%
575-596 II Childebert
34%
656-662 III Childebert
34%
694-711 IV Childebert
34%
1879-1887 Jules Grévy
34%
1894-1895 Jean Casimir-Perier
30%
1940-1944 Philippe Pétain
29%
1899-1906 Emile Loubet
28%
1906-1913 Armand Fallières
25%
561-575 Ier Sigebert
16%
613-613 II Sigebert
16%
639-656 III Sigebert
16%
511-524 Clodomir
15%
561-592 Gontran
13%
1799-1804 Napoléon Bonaparte
12%
561-567 Ier Caribert
11%
629-632 II Caribert
11%
548-555 Thibaut
10%
534-548 Ier Thibert
8%
596-612 II Thibert
8%
1793-1794 Montagnards Maximilien de Robespierre
7%
1946-1946 Félix Gouin
2%
1946-1946 Georges Bidault
2%
1792-1793 Girondins Brissot de Warville
0%
1794-1795 Thermidoriens Jean-Baptiste Carrier
0%
1870-1871 Louis-Jules Trochu
0%
1795-1799 Paul de Barras
0%
Aucun quiz correspondant
Distribution des résultats
% des personnes avec chaque résultat
Percentile par nombre de réponses
Votre historique - résultats
Vous n’avez pas pris ce quiz